Statystyki dla Metallica - teksty piosenek

Kliknij tutaj aby rozwiązać quiz!

Ogólne statystyki

  • Ten quiz został rozwiązany 54 razy
  • Średni wynik to 16 z 33

Statystyki odpowiedzi

TekstUtwór% Poprawnych
Come crawling faster, obey your master, your life burns fasterMaster of Puppets
97%
Darkness imprisoning me, all that I see, absolute horrorOne
90%
Take my hand, we're off to never-never landEnter Sandman
87%
So close, no matter how farNothing Else Matters
82%
Never free, never me, so I dub thee (...)The Unforgiven
74%
Gimme ____, gimme fire, gimme that which I desireFuel
72%
We're so fucked, shit outta luck, _________ to self-destructHardwired
67%
Flash before my eyes, now it's time to dieRide the Lightning
67%
So let it be written, so let it be done, I'm sent here by the chosen oneCreeping Death
64%
I'm your dream, make you real, I'm your eyes when you must steal
I'm your pain when you can't feel, ____________
Sad But True
62%
Running, on our way hiding, you will pay dying, one thousand deathsSeek & Destroy
59%
Fortune, fame, mirror, vain, gone insane, but ______________The Memory Remains
56%
Smashing through the boundaries, lunacy has found me, cannot stop the ______Battery
54%
I was me, but now he's goneFade to Black
54%
Men of five, still alive, through the raging glow
Gone insane from the pain that they surely know
For Whom the Bell Tolls
51%
Welcome to where time stands still, no one leaves and no one willWelcome Home (Sanitarium)
51%
Fire, to begin whipping dance of the dead, _____ is the endBlackened
49%
We'll never stop, we'll never quit, 'cause we're MetallicaWhiplash
44%
How can I be lost if I've got nowhere to go?The Unforgiven III
41%
With __________________ ride, or choose your fate and dieThe Four Horsemen
36%
And the pain still hates me, so hold me, ___________Until It Sleeps
33%
Dear Mother, Dear Father, what is this hell you have put me through?Dyers Eve
31%
Misery, she needs me, ooh, but I need her more
Misery, she loves me, ooh, but I love her more
Inamorata
31%
I'm digging my way, I'm digging my way to something, I'm digging my way to something betterBleeding Me
28%
No life 'til leather, we're gonna kick some ass tonightHit the Lights
26%
Long live machine, the future supreme, man overthrown, ___________Spit Out The Bone
26%
When a man lies, he murders some part of the worldTo Live Is To Die
26%
Suicide, I've already died, you're just the funeral I've been waiting forCyanide
21%
Love is control, I'd die if I let goAll Within My Hands
18%
You're falling, but you think you're flying high, high againMoth Into Flame
18%
Staring into black light, permanently midnight72 Seasons
15%
(Hear me) And if I close my mind in fear, please, pry it openThe Outlaw Torn
15%
Blood will follow blood
Dying time is here, _____________
Damage, Inc.
13%

Rozkład punktacji

Percentyl według liczby udzielonych odpowiedzi

Procent ludzi z każdym wynikiem

Twoja historia wyników

Nie rozwiązałeś tego quizu